[Event "Speed Chess Championship 2020"]
[Site "Online"]
[Date "2020.12.05"]
[Round "2.12"]
[White "Artemiev, Vladislav"]
[Black "Carlsen, Magnus"]
[Result "0-1"]
[WhiteElo "2708"]
[BlackElo "2862"]
[Annotator "TA"]
[PlyCount "92"]
[EventDate "2020.10.31"]
[EventType "k.o."]
[EventCountry "NET"]
[SourceTitle "playchess.com"]
[Source "ChessBase"]
[SourceQuality "1"]

{[%evp 9,92,26,26,27,18,26,29,20,51,0,17,-14,-14,-12,-5,0,0,-13,-2,-8,-4,-4,-6,-7,-15,-7,0,-3,0,-26,0,0,0,-7,0,-226,-213,-221,-215,-212,-206,-219,-185,-274,-262,-327,-302,-312,-232,-221,-225,-225,-224,-355,-179,-312,-323,-397,-393,-392,-352,-367,-365,-335,-281,-562,-560,-552,-552,-854,-857,-849,-848,-859,-775,-772,-759,-742,-710,-683,-639,-900,-882,-863,-846]} 1. d4 Nf6 2. Nf3 d5 3. c4 e6 4. Nc3 h6 5. e3 a6 6. b3 {D37: Queen's Gambit Declined: 5 Bf4.} c5 7. Bb2 cxd4 {[#]} 8. Nxd4 $146 {White has an edge.} ({Predecessor:} 8. exd4 Nc6 9. a3 b6 10. Rc1 Bd6 11. Bd3 O-O 12. O-O Bb7 13. Re1 Rc8 14. Na4 dxc4 15. bxc4 {½-½ (70) Vassiliev,I (2309)-Fischer,D (2327) ICCF email 2011}) 8... Be7 9. Nf3 (9. cxd5 $14 Nxd5 10. Bc4) 9... Qa5 10. a3 dxc4 11. Bxc4 b5 12. Be2 Bb7 (12... Nbd7 {with more complications.} 13. b4 Qc7 14. Rc1 Qb6 15. O-O O-O) 13. O-O O-O 14. Nd4 Nbd7 15. Bf3 Qb6 16. a4 b4 17. a5 Qa7 18. Na4 Rac8 19. Qe2 Bxf3 20. Qxf3 Nd5 21. Rac1 {Threatens to win with Nc6.} Bf6 22. Nc6 $2 {[#] Black keeps a firm grip on the game.} (22. Qe2 $11 {and White has nothing to worry.}) 22... Rxc6 $1 $19 {[%mdl 512]} 23. Rxc6 {aiming for Bxf6.} Bxb2 24. Qe2 ({But not} 24. Nxb2 $2 Ne5 $19) 24... Nb8 25. Rc4 Bf6 26. Qc2 (26. e4 $142 Nc3 27. Nxc3 Bxc3 28. Qd3) 26... Qb7 27. Nc5 Qb5 28. Ne4 Qxa5 29. Nxf6+ Nxf6 30. Qd2 {[#]} Nd5 $1 31. Qd4 (31. e4 $142 Nc3 32. Qd6) 31... Nd7 (31... Qa2 $142 32. Qd3 a5) 32. Ra1 (32. e4 $142 N5f6 33. Rxb4) 32... Qb5 33. e4 Nc3 {...Ne2+ is the strong threat.} 34. Kh1 a5 35. f3 Ra8 36. h3 Nf6 37. Rxb4 $2 (37. Qc5 {was forced.} Qe8 38. Qc6) 37... axb4 {Black is clearly winning.} ({Weaker is} 37... Qxb4 38. Qxb4 axb4 39. Rxa8+ Kh7 40. Rb8 $15) 38. Rxa8+ Kh7 39. Qc4 Qxc4 40. bxc4 {[#]} Nd7 $1 41. Ra7 Nc5 42. Ra8 b3 43. Rb8 N3a4 44. Kg1 b2 45. Kf2 Nc3 46. Ke3 b1=Q {Weighted Error Value: White=0.51/Black=0.15} 0-1

[Event "Speed Chess Championship 2020"]
[Site "Online"]
[Date "2020.12.03"]
[Round "2.12"]
[White "Fedoseev, Vladimir"]
[Black "Nakamura, Hikaru"]
[Result "1/2-1/2"]
[WhiteElo "2676"]
[BlackElo "2736"]
[Annotator "TA"]
[PlyCount "310"]
[EventDate "2020.10.31"]
[EventType "k.o."]
[EventCountry "NET"]
[SourceTitle "playchess.com"]
[Source "ChessBase"]
[SourceQuality "1"]

{[%evp 14,310,25,20,12,12,16,4,19,6,0,10,13,-60,9,22,32,39,85,57,49,53,57,50,55,71,60,49,41,38,69,61,62,68,71,56,96,102,96,52,60,53,52,33,29,26,24,20,117,67,104,30,37,31,31,31,40,66,68,0,0,0,0,0,49,14,70,58,58,52,55,8,7,0,0,-4,-5,-6,0,0,0,-25,-25,-25,-25,-25,-24,-52,-52,-52,-52,-52,-52,-52,-52,-52,-52,-52,-52,-52,-52,-52,-52,-52,-52,-52,-52,-52,-52,-52,-52,-52,-52,-52,-52,-52,-52,-52,-52,-52,-52,-52,-52,-52,-52,-52,-52,-52,-52,-52,-52,-52,-52,-52,-52,-52,-52,-52,-52,-52,-52,-52,-52,-52,-52,-52,-52,-52,-52,-52,-52,-52,-52,-52,-52,-52,-52,-52,-52,-52,-52,-52,-52,-52,-52,-52,-52,-52,-52,-52,-52,-52,-52,-52,-52,-52,-52,-52,-52,-52,-52,-52,0,-52,0,-52,0,-52,-52,-52,0,-52,-52,-52,-52,-52,-4,-4,0,0,0,0,0,0,0,0,0,0,0,0,0,0,0,0,0,0,0,0,0,0,0,0,0,0,0,0,0,0,0,0,0,0,0,0,0,0,0,0,0,0,0,0,0,0,0,0,0,0,0,0,0,0,0,0,0,0,0,0,0,0,0,0,0,0,0,0,0,0,0,0,0,0,0,0,0,0,0,0,0,0,0,0,0,0,0,0,0,0,0,0,0,0,0,0,0,0,0,0,0]} 1. e4 e5 2. Nf3 Nc6 3. Bc4 Bc5 4. c3 Nf6 5. d3 d6 6. O-O h6 {6...a6 is setting a new trend.} 7. b4 Bb6 8. a4 a5 {C54: Giuoco Piano: 4 c3 Nf6, main lines with 5 d4 and 5 d3.} 9. b5 Ne7 {[%cal Bc6e7,Be7g6,Bg6f4][%mdl 32]} 10. Re1 O-O 11. d4 Ng6 12. Nbd2 Re8 {[#]} 13. Bf1 $5 $146 {[%mdl 8] New and interesting.} (13. Bb2 $11) ({Predecessor:} 13. Qb3 Be6 14. Bxe6 Rxe6 15. Ba3 Qb8 16. Nc4 exd4 17. Nxb6 cxb6 18. Nxd4 Rxe4 19. Rxe4 Nxe4 {0-1 (62) Shankland,S (2705)-L'Ami,E (2619) Douglas 2019}) 13... Bg4 ({Black should play} 13... d5 $1 $15) 14. Qc2 $11 Nf4 15. h3 Be6 16. Nc4 (16. dxe5 {is more complex.} dxe5 17. Nxe5 N6h5 18. Ndc4 Bc5 19. Be3) 16... Bxc4 17. Bxc4 {[#] And now Bxf4 would win.} Ng6 18. Ba3 Qd7 19. Rad1 Re7 20. Kh2 Rae8 21. Bd3 Qc8 22. g3 Kh8 23. Re2 Nh5 24. Bc1 c5 25. bxc6 bxc6 26. dxe5 (26. Ba3 {is interesting.} Qe6 27. Ree1 Rb7 28. Qe2 Rbb8 29. Bc4) 26... Nxe5 27. Nxe5 Rxe5 28. Qb3 Qc7 29. f4 R5e7 30. Ba3 {Black should prevent Bxd6!} Rb8 (30... Qa7 $11 31. Qc2 (31. Bxd6 Rd7 $11) 31... Bc5) 31. Qc2 Ree8 32. Bc4 ({White should try} 32. Rde1 $16) 32... d5 $1 33. exd5 cxd5 34. Bxd5 {Threatens to win with Bf3.} Rxe2+ 35. Qxe2 Qxc3 36. Rd3 (36. Qxh5 $14 Qxa3 37. Qe5) 36... Qa1 {[%csl Gb6][%cal Ra1g1] [#]} 37. Qd1 Qxd1 38. Rxd1 Kg8 39. Rb1 Ba7 (39... Rd8 $11) 40. Rxb8+ Bxb8 $14 {[%mdl 4096] Endgame KBB-KBN} 41. Bc5 {Hoping for Bf3.} Bc7 42. Kg2 Bxf4 $1 43. g4 Nf6 44. Bc4 Nd7 45. Bd4 Bd2 46. Kf3 Bb4 47. Ke4 Nc5+ 48. Bxc5 Bxc5 $11 {KB-KB} 49. h4 g6 50. g5 h5 {...Bf2 is the strong threat.} 51. Kf3 $1 Bb4 {White must now prevent ...Be1.} 52. Kg3 Be1+ 53. Kh3 Kg7 54. Bb3 Bb4 55. Bc4 Be7 56. Bb3 Bd8 57. Bc4 Bc7 58. Bb3 Bb8 59. Bc4 Ba7 60. Bb3 Bb6 61. Bc4 {Cut Off at move 61} Be3 62. Bb3 Bf4 63. Bc4 Bc1 64. Bb3 Ba3 65. Bc4 f6 66. gxf6+ Kxf6 67. Bd3 Bb4 68. Bc2 Bc3 69. Bd3 Bd2 70. Bc2 Be1 71. Bd3 Bf2 72. Bc2 $1 Be3 73. Bd3 Bf4 74. Bc2 Be5 75. Bd3 Bd6 76. Bc2 Bc7 77. Bd3 Bb8 78. Bc2 Ba7 79. Bd3 g5 80. hxg5+ Kxg5 81. Be2 Bb6 82. Bb5 $1 Bd8 83. Bc6 Be7 84. Be8 Bf8 85. Bd7 Bg7 86. Bc6 Bh8 87. Bd7 Bf6 88. Be8 Be7 89. Bd7 Bd6 90. Bc6 Be5 91. Bd7 Bd4 92. Be8 Bc5 93. Bd7 Bb4 94. Bc6 $1 Ba3 95. Be8 $1 Bb2 96. Bd7 Ba1 97. Be8 Bh8 98. Bd7 $1 Bf6 99. Be8 $1 Bd8 (99... Bc3 $15) 100. Bd7 (100. Bc6 $1 $11) 100... Bc7 $15 101. Be8 Bb6 ({Better is} 101... Bf4 $15) 102. Bd7 ({White must play} 102. Bb5 $1 $11) 102... Bf2 103. Be8 Be1 104. Bd7 Kf4 105. Be8 {The position is equal.} h4 106. Bd7 Bg3 107. Be8 Ke5 108. Bd7 Kd4 109. Be8 Kc5 110. Bd7 Kb4 111. Be8 Kc3 112. Bd7 Kd2 113. Be8 Ke3 114. Bd7 Kf2 115. Be8 Kf3 116. Bd7 Kf4 117. Be8 Kg5 118. Bd7 Kf6 119. Be8 Kg7 120. Bb5 Kf8 121. Bc6 Ke7 122. Bb5 Kd8 123. Bc6 Kc7 124. Bb5 Kb8 125. Be8 Ka7 126. Bb5 Kb6 127. Be8 Kc5 128. Bb5 Kd5 129. Be8 Be1 130. Bb5 Ke5 131. Be8 Kf6 132. Bb5 Kg7 133. Bc6 Kh6 134. Bd7 Kh7 135. Be8 Kh8 136. Bd7 Kg8 137. Bc6 Kg7 138. Bb5 Kf8 139. Bc6 $1 Ke7 140. Bb5 Kd6 141. Bc4 Kc5 142. Bb5 Kb4 143. Be8 Ka3 144. Bd7 Ka2 145. Be8 Ka1 146. Bd7 Kb1 147. Be8 Kb2 148. Bd7 Kc1 149. Be8 Kd2 150. Bd7 Kc3 151. Be8 Kb4 152. Bd7 Ka3 153. Be8 $1 Bg3 154. Bd7 Kb4 155. Be8 $1 Ka3 {Weighted Error Value: White=0.15/Black=0.13} 1/2-1/2

[Event "Speed Chess Championship 2020"]
[Site "Online"]
[Date "2020.12.05"]
[Round "2.13"]
[White "Carlsen, Magnus"]
[Black "Artemiev, Vladislav"]
[Result "1-0"]
[WhiteElo "2862"]
[BlackElo "2708"]
[Annotator "TA"]
[PlyCount "59"]
[EventDate "2020.10.31"]
[EventType "k.o."]
[EventCountry "NET"]
[SourceTitle "playchess.com"]
[Source "ChessBase"]
[SourceQuality "1"]

{[%evp 10,59,28,27,39,37,42,35,60,44,63,40,108,112,103,66,93,83,100,100,100,111,106,105,122,95,122,116,167,172,174,183,276,253,237,136,318,297,778,777,705,677,29975,1337,29985,29986,29983,29984,29992,29982,29995,29996]} 1. e4 c5 2. Nf3 a6 3. c4 Nc6 4. d4 cxd4 5. Nxd4 e5 6. Nf5 d6 {B28: Sicilian: 2 Nf3 a6 (O'Kelly Variation).} 7. Nc3 g6 8. Ne3 Bh6 {White is slightly better.} 9. Bd3 {9.Nc2 is the modern continuation.} Nge7 10. h4 Kf8 ({Black should play} 10... Be6 $14) 11. h5 $16 Kg7 {[#]} 12. Ned5 $5 $146 {[%mdl 8] Strongly threatening Bxh6+. New and interesting.} ({Predecessor:} 12. Bd2 Nd4 13. Nc2 Bxd2+ 14. Qxd2 Nec6 15. O-O-O Be6 16. Nxd4 Nxd4 17. Ne2 Qb6 18. Kb1 {½-½ (58) So,W (2767)-Artemiev,V (2746) chess.com INT 2019}) 12... Bxc1 13. Qxc1 h6 14. hxg6 fxg6 15. Qe3 Nd4 16. O-O-O Nxd5 17. exd5 ({Much less strong is} 17. cxd5 Bg4 $14) 17... Bf5 18. f4 Bxd3 (18... Qc7 $16 {is a better defense.}) 19. fxe5 $18 ({Resist} 19. Rxd3 $6 Nf5 $14) 19... Nf5 20. Qxd3 {aiming for e6.} dxe5 (20... Qg5+ $142 21. Kb1 dxe5) 21. Ne4 Rc8 22. Kb1 (22. Qc3 $18 Qe7 23. c5) 22... Nd4 $2 {A mistake that costs the game.} (22... Nd6 $16 23. Rc1 b6) 23. Rhf1 b5 $2 {[#]} (23... Rf8 24. Qg3 Qe7) 24. Qg3 $1 {[%mdl 512]} Re8 {[#]} 25. Rf6 $1 {[%mdl 576] Double Attack} g5 26. Qh3 (26. Rdf1 $142 Rxc4 27. Qh3 Rc1+ 28. Rxc1 Qxf6 29. Nxf6 Kxf6 30. Qxh6+ Kf5 31. Qh7+ Kf4 32. Qf7+ {[%mdl 64] Double Attack} Kg4 33. Qxe8) 26... Rh8 27. Rdf1 {White mates.} Rc7 28. d6 Qa8 {[#]} 29. Qg4 $1 {[%mdl 512]} Ra7 {[#]} 30. Nxg5 $1 {[%mdl 512] Weighted Error Value: White=0.11/Black=0.70} 1-0

[Event "Speed Chess Championship 2020"]
[Site "Online"]
[Date "2020.11.19"]
[Round "2.13"]
[White "So, Wesley"]
[Black "Duda, Jan-Krzysztof"]
[Result "1-0"]
[WhiteElo "2816"]
[BlackElo "2743"]
[Annotator "ChessBase"]
[PlyCount "91"]
[EventDate "2020.10.31"]
[EventType "k.o."]
[EventCountry "NET"]
[SourceTitle "playchess.com"]
[Source "ChessBase"]
[SourceQuality "1"]
[TimeControl "180+1"]

1. d4 {[%emt 0:00:01]} Nf6 {[%emt 0:00:01]} 2. c4 {[%emt 0:00:00]} g6 {[%emt 0:00:00]} 3. g3 {[%emt 0:00:02]} c6 {[%emt 0:00:02]} 4. Bg2 {[%emt 0:00:01]} d5 {[%emt 0:00:00]} 5. Nf3 {[%emt 0:00:01]} Bg7 {[%emt 0:00:01]} 6. O-O {[%emt 0:00:00]} O-O {[%emt 0:00:00]} 7. Ne5 {[%emt 0:00:00]} Ng4 {[%emt 0:00:02]} 8. cxd5 {[%emt 0:00:06]} Nxe5 {[%emt 0:00:08]} 9. dxe5 {[%emt 0:00:00]} cxd5 {[%emt 0:00:23]} 10. Bxd5 {[%emt 0:00:01]} Bxe5 {[%emt 0:00:06]} 11. Nc3 {[%emt 0:00:03]} Qb6 {[%emt 0:00:20]} 12. Bh6 {[%emt 0:00:15]} Bg7 {[%emt 0:00:15]} 13. Bxg7 {[%emt 0:00:08]} Kxg7 {[%emt 0:00:00]} 14. Rc1 {[%emt 0:00:08]} Rd8 {[%emt 0:00:08]} 15. Na4 {[%emt 0:00:09]} Qb4 {[%emt 0:00:45]} 16. a3 {[%emt 0:00:08]} Qg4 {[%emt 0:00:00]} 17. f3 {[%emt 0:00:53]} Qd7 {[%emt 0:00:17]} 18. Qd4+ {[%emt 0:00:06]} f6 {[%emt 0:00:05]} 19. Rfd1 {[%emt 0:00:17]} e6 {[%emt 0:00:24]} 20. Nc5 {[%emt 0:00:02]} Qf7 {[%emt 0:00:11]} 21. Nxe6+ {[%emt 0:00:19]} Bxe6 {[%emt 0:00:01]} 22. Bxe6 {[%emt 0:00:00]} Rxd4 {[%emt 0:00:01]} 23. Bxf7 {[%emt 0:00:00]} Rxd1+ {[%emt 0:00:00]} 24. Rxd1 {[%emt 0:00:00]} Kxf7 {[%emt 0:00:01]} 25. Rd8 {[%emt 0:00:01]} a5 {[%emt 0:00:01]} 26. h4 {[%emt 0:00:02]} h5 {[%emt 0:00:01]} 27. g4 {[%emt 0:00:01]} a4 {[%emt 0:00:03]} 28. Kf2 {[%emt 0:00:01]} Ke7 {[%emt 0:00:01]} 29. Rg8 {[%emt 0:00:02]} Kf7 {[%emt 0:00:03]} 30. Rh8 {[%emt 0:00:02]} b5 {[%emt 0:00:04]} 31. e4 {[%emt 0:00:06]} Kg7 {[%emt 0:00:03]} 32. Rc8 {[%emt 0:00:01]} Kf7 {[%emt 0:00:01]} 33. g5 {[%emt 0:00:03]} fxg5 {[%emt 0:00:01]} 34. hxg5 {[%emt 0:00:00]} Ke7 {[%emt 0:00:00]} 35. f4 {[%emt 0:00:02]} Kd7 {[%emt 0:00:01]} 36. Rg8 {[%emt 0:00:01]} Kc7 {[%emt 0:00:01]} 37. f5 {[%emt 0:00:13]} gxf5 {[%emt 0:00:00]} 38. exf5 {[%emt 0:00:00]} Ra6 {[%emt 0:00:00]} 39. f6 {[%emt 0:00:02]} Nd7 {[%emt 0:00:03]} 40. f7 {[%emt 0:00:01]} Rd6 {[%emt 0:00:01]} 41. g6 {[%emt 0:00:04]} Rf6+ {[%emt 0:00:01]} 42. Kg3 {[%emt 0:00:02]} Kd6 {[%emt 0:00:02]} 43. Kh4 {[%emt 0:00:02]} Rf5 {[%emt 0:00:01]} 44. Re8 {[%emt 0:00:05]} Rf4+ {[%emt 0:00:03]} 45. Kxh5 {[%emt 0:00:01]} Rf2 {[%emt 0:00:02]} 46. Kh6 {[%emt 0:00:02]} 1-0

[Event "Speed Chess Championship 2020"]
[Site "Online"]
[Date "2020.12.03"]
[Round "2.13"]
[White "Vachier-Lagrave, Maxime"]
[Black "Aronian, Levon"]
[Result "1/2-1/2"]
[WhiteElo "2784"]
[BlackElo "2781"]
[Annotator "TA"]
[PlyCount "71"]
[EventDate "2020.10.31"]
[EventType "k.o."]
[EventCountry "NET"]
[SourceTitle "playchess.com"]
[Source "ChessBase"]
[SourceQuality "1"]

{[%evp 12,71,12,14,10,11,14,8,11,15,11,11,13,13,21,-1,10,0,0,0,0,0,14,14,12,-13,0,0,4,-29,0,0,8,0,0,0,-5,0,0,0,0,0,0,0,0,0,0,0,0,0,0,0,0,0,0,0,0,0,0,0,0,0]} 1. e4 e5 2. Nf3 Nc6 3. Bc4 Bc5 4. c3 Nf6 5. d3 d6 6. O-O O-O 7. Re1 $1 {[%mdl 4] now scores much better than the old 7.Bb3.} a5 {C54: Giuoco Piano: 4 c3 Nf6, main lines with 5 d4 and 5 d3.} 8. Nbd2 Be6 9. Bb5 Qb8 10. Nf1 Qa7 11. Be3 {[#] d4 is the strong threat.} Bxe3 12. Nxe3 {[#]} a4 $146 ({Predecessor:} 12... Qb6 13. a4 Ng4 14. Qd2 Nxe3 15. Rxe3 Ne7 16. d4 Ng6 17. Ng5 c6 18. Bf1 Rad8 19. Nxe6 fxe6 {1-0 (57) Adams,M (2701)-Anton Guijarro,D (2703) Biel 2020}) 13. Qc2 Ne7 14. Bc4 Bxc4 15. Nxc4 b5 16. Ne3 c5 17. Rad1 Rac8 18. g3 g6 19. Qd2 Kg7 20. d4 cxd4 (20... Nxe4 {is more complex.} 21. Qd3 exd4 22. cxd4 Qb7 23. Ng4 h5) 21. cxd4 {The position is equal.} Nxe4 22. Qd3 Qb7 23. dxe5 dxe5 24. Nxe5 Nf6 25. N5g4 {[#] Strongly threatening Nxf6.} Nxg4 26. Nxg4 {And now Qd4+ would win.} Nf5 27. Ne3 Nxe3 28. Rxe3 Rfe8 29. Qd4+ Kg8 30. Rxe8+ Rxe8 $11 {[%mdl 4096] Endgame KQR-KQR} 31. b3 axb3 32. axb3 Qf3 33. b4 Re4 34. Qa1 {White wants to mate with Rd8+.} Re8 35. h4 h5 36. Re1 {An uneventful encounter.  Weighted Error Value: White=0.04/Black=0.03} 1/2-1/2

[Event "Speed Chess Championship 2020"]
[Site "Online"]
[Date "2020.12.04"]
[Round "2.13"]
[White "Nakamura, Hikaru"]
[Black "Fedoseev, Vladimir"]
[Result "0-1"]
[WhiteElo "2736"]
[BlackElo "2676"]
[Annotator "TA"]
[PlyCount "132"]
[EventDate "2020.10.31"]
[EventType "k.o."]
[EventCountry "NET"]
[SourceTitle "playchess.com"]
[Source "ChessBase"]
[SourceQuality "1"]

{[%evp 25,132,-2,0,0,0,-28,-27,-33,-30,-70,-38,-27,7,-54,-54,-51,-43,-53,-23,-24,-39,-24,-28,-64,-64,-78,-78,-78,-78,-78,-64,-78,-64,-93,-93,-493,-473,-768,-756,-744,-718,-771,-760,-799,-796,-768,-663,-663,-663,-4939,-4168,-29970,-29971,-29971,-29972,-29972,-29972,-29973,-29974,-29973,-29972,-29972,-29973,-29975,-29972,-29978,-29971,-29971,-29970,-29970,-29968,-29970,-29968,-29973,-29973,-29975,-29976,-29976,-29977,-29977,-29971,-29971,-29972,-29970,-29971,-29964,-29963,-29981,-29981,-29982,-29983,-29982,-29981,-29982,-29982,-29982,-29979,-29979,-29980,-29981,-29981,-29982,-29983,-29983,-29984,-29984,-29985,-29986,-29986]} 1. d4 Nf6 2. c4 g6 3. Nc3 Bg7 4. e4 d6 5. Nf3 O-O 6. Be2 e5 7. dxe5 dxe5 8. Qxd8 Rxd8 9. Nd5 Nxd5 10. cxd5 c6 11. Bc4 b5 12. Bb3 Bb7 13. Bg5 Rd7 {[%cal Rc6d5]} 14. Rc1 {E92: King's Indian: Classical: 6 Be2 e5: 7 dxe5, 7 Be3 and Petrosian System without 7...Nbd7.} a5 15. a4 h6 16. Be3 {Black has an edge.} cxd5 {[#]} 17. exd5 $146 ({Predecessor:} 17. Bxd5 Bxd5 18. Rc8+ Kh7 19. exd5 Rxd5 20. b3 Rd3 21. Nd2 bxa4 22. bxa4 Rd6 23. Ne4 {½-½ (99) De Andres Oterino,C (1954)-Galarza Cenzano,I (2037) Zornotza 2009}) 17... bxa4 18. Bxa4 Rxd5 19. O-O (19. Rc7 $11 Ba6 20. Be8) 19... Na6 $15 20. Nd2 Rad8 21. Nc4 Nc5 22. Nxa5 Nxa4 23. Nxb7 Rb8 24. Nc5 Nxc5 25. Rxc5 Rxc5 26. Bxc5 Rxb2 {[%mdl 4096] Endgame KRB-KRB} 27. Rd1 f5 28. h4 Bf6 {Hoping for ...Rb5.} 29. Rd6 Be7 30. Rd5 $2 {[%mdl 8192] [#] This costs White the game.} (30. Rxg6+ $17 {was the crucial defense.} Kf7 31. Rb6 Rxb6 32. Bxb6) 30... Rb5 $19 31. Rxe5 (31. Bxe7 $142 Rxd5 32. Kf1) 31... Bxc5 {KRB-KR} 32. Re2 Rb4 33. g3 Bd4 34. Re6 Kf7 35. Rd6 Be5 36. Ra6 f4 37. h5 fxg3 38. hxg6+ Kg7 {Black mates.} 39. fxg3 Bxg3 40. Kg2 Be5 41. Kh3 Bf6 42. Ra3 Kxg6 43. Rg3+ Bg5 44. Ra3 Kh5 45. Rg3 Rb2 46. Ra3 Re2 47. Kg3 Bh4+ 48. Kh3 Bf6 49. Rg3 Re4 ({Worse is} 49... Be5 50. Rg5+ Kxg5 $11) 50. Rf3 Be5 51. Rf5+ Kg6 52. Rf8 Re2 53. Kg4 h5+ 54. Kf3 Ra2 55. Ke4 Bf6 56. Kf3 Kf5 57. Kg3 Ra3+ 58. Kh2 Kg5 59. Rg8+ Kh4 60. Kg2 Be5 61. Rg6 {Cut Off at move 61} Bg3 62. Rg8 Ra2+ 63. Kf3 Rf2+ 64. Ke3 Kh3 65. Ra8 h4 66. Ra1 Kg2 {Weighted Error Value: White=1.10/Black=0.10} 0-1

[Event "Speed Chess Championship 2020"]
[Site "Online"]
[Date "2020.11.19"]
[Round "2.14"]
[White "Duda, Jan-Krzysztof"]
[Black "So, Wesley"]
[Result "0-1"]
[WhiteElo "2743"]
[BlackElo "2816"]
[Annotator "TA"]
[PlyCount "110"]
[EventDate "2020.10.31"]
[EventType "k.o."]
[EventCountry "NET"]
[SourceTitle "playchess.com"]
[Source "ChessBase"]
[SourceQuality "1"]

{[%evp 10,110,0,7,12,7,15,11,1,-5,-8,-7,0,0,0,-6,0,-9,-1,-55,-26,-37,-48,-41,-42,-37,-7,-48,0,-53,0,0,10,0,-35,-62,-60,-160,-164,-183,-191,-166,-193,-188,-188,-175,-76,-79,-5,-8,-7,0,0,0,0,0,0,0,0,0,0,-5,0,0,0,-8,-5,-5,0,0,0,0,0,0,0,-8,-2,-11,0,0,0,0,0,0,0,0,0,-621,-571,-29981,-29982,-29982,-5081,-4134,-2107,-5081,-5073,-5061,-5061,-5061,-128,-128,-125]} 1. c4 Nf6 2. Nc3 e5 3. Nf3 Nc6 4. g3 d5 5. cxd5 Nxd5 6. Bg2 Bc5 {A29: English Opening: Four Knights Variation with 4 g3.} 7. O-O O-O 8. d3 Re8 {The position is equal.} 9. Bg5 Nxc3 10. bxc3 f6 11. Bc1 Be6 12. Bb2 {[#]} Qe7 $5 $146 {[%mdl 8] New and interesting.} ({Predecessor:} 12... Bf8 13. a4 Qd7 14. d4 Rad8 15. a5 Bc4 16. Nd2 Bf7 17. e3 b6 18. axb6 cxb6 {1-0 (41) Duda,J (2729)-Caruana,F (2819) Paris 2019}) 13. a4 Rad8 14. d4 (14. a5 $11) 14... Bb6 15. e3 Na5 16. Ba3 Qf7 17. Qc2 Bb3 18. Qb1 Bd5 ({Weaker is} 18... Bxa4 19. Bb4 $18) 19. dxe5 (19. Qc2 $11) 19... Nb3 (19... Qh5 $15 20. e4 Bc4) 20. Ra2 $11 Nd4 21. cxd4 Bxa2 22. Qa1 Bd5 23. Bb4 (23. exf6 $15 Qxf6 24. Ne5) 23... a5 $17 24. Bc3 Bxf3 25. Bxf3 fxe5 {[%mdl 64] Discovered Attack} 26. Bxb7 exd4 27. exd4 c5 (27... Qc4 $19 {[%cal Rb6d4]} 28. Rc1 Bxd4 29. Bxd4 Qxd4 30. Qxd4 Rxd4) 28. Bc6 {Threatens to win with dxc5.} Rf8 ({Don't play} 28... cxd4 29. Bxe8 Qxe8 30. Bd2 $11) (28... Re2 $1 $17 {[%cal Rc5d4]} 29. Bb5 c4) 29. d5 $11 c4 {[%cal Rb6f2]} 30. Qe1 Rxd5 31. Bxd5 Qxd5 32. Qe7 {[%csl Gc3][%cal Re7g7]} Bd4 33. Bxd4 Qxd4 {[%mdl 4096] Endgame KQR-KQR} 34. Qe6+ Kh8 35. Qe7 {[%cal Re7f8]} Kg8 36. Qe6+ Kh8 37. Qe7 {[%cal Re7f8]} Rc8 38. Qe6 Rd8 39. Re1 {White wants to mate with Qe8+!} h6 40. Re4 Qd1+ 41. Kg2 $1 Rf8 42. f4 c3 $36 {[%mdl 2048] ...c2 is the strong threat. Black is pushing.} 43. Qc6 c2 44. Rc4 Qe2+ 45. Kh3 Qh5+ 46. Kg2 Qe2+ 47. Kh3 Qf1+ 48. Kh4 $2 {[%mdl 8192] [#]} (48. Kg4 $11) 48... g5+ $1 $19 {[%mdl 576] Double Attack} 49. Kh5 (49. fxg5 hxg5+) 49... Qh3+ {[%mdl 64] Double Attack} 50. Kg6 Rg8+ (50... Qf5+ $142 51. Kh5 gxf4+ {[%mdl 64] Discovered Attack} 52. Kh4 Qg5+ 53. Kh3 Qh5+ 54. Kg2 f3+ 55. Kf2 Qxh2+ 56. Ke3 Qe2+ 57. Kd4 Rd8+ 58. Kc5 Qxc4+ $1 {[%mdl 576] Promotion} 59. Kxc4 c1=Q+ 60. Kb5 Rb8+ 61. Qb6 Qb2+ 62. Kc5 Qxb6+ 63. Kc4 f2 64. Kd5 Rd8+ 65. Ke5 f1=Q 66. g4 Qe3#) 51. Kf6 gxf4 52. Rxc2 fxg3 53. Qc3 Qh5 54. hxg3 Qg5+ $2 (54... Qe8 $19 {[%cal Rg8f8] is more deadly.} 55. Kf5+ Kh7 56. Qc7+ Rg7) 55. Ke6+ $17 {[#]} Kh7 $1 {Weighted Error Value: White=0.46/Black=0.39} 0-1